[Event "Lichtenberger Sommer 2016"]
[Site "?"]
[Date "2016.08.18"]
[Round "6.1"]
[White "Morawietz, Dieter"]
[Black "Dobrov, Vladimir"]
[Result "0-1"]
[WhiteElo "2424"]
[BlackElo "2510"]
[PlyCount "140"]
[EventDate "2016.??.??"]
[WhiteTeam "Klub Kölner SF"]
[BlackTeam "Perovo Moscow"]

1. e4 c5 2. Nf3 Nc6 3. d4 cxd4 4. Nxd4 e6 5. Nc3 Qc7 6. Be2 a6 7. O-O Nf6 8.
Be3 Be7 9. f4 d6 10. Kh1 O-O 11. a4 Re8 12. Bf3 Na5 13. Qe2 Bf8 14. g4 Nd7 15.
Bg2 b6 16. Rad1 Bb7 17. Qf2 Rac8 18. Bc1 Qd8 19. g5 Rxc3 20. bxc3 Nc5 21. e5
Ne4 22. Qe1 Qa8 23. Nf3 Rc8 24. exd6 Nxd6 25. Rd3 Nf5 26. Qd1 Nc4 27. Qe2 Ncd6
28. Ne5 Nh4 29. Bxb7 Qxb7+ 30. Kg1 Ndf5 31. h3 Rc5 32. Kh2 Bd6 33. Qf2 Rxe5 34.
Rxd6 Nxd6 35. fxe5 Ndf5 36. Bf4 g6 37. Bg3 Nxg3 38. Qxg3 Qe4 39. Rf2 Nf5 40.
Qf4 Qe1 41. Rd2 Kg7 42. h4 a5 43. Kh3 Qh1+ 44. Rh2 Qc6 45. Kg4 Qxc3 46. h5
gxh5+ 47. Kxh5 Qe1 48. Rd2 Qh1+ 49. Rh2 Qd1+ 50. Qg4 Qf1 51. Rh3 Qe1 52. Rf3
Qxe5 53. Rf2 Qa1 54. Rh2 Qf1 55. Qh3 Qd1+ 56. Qg4 Qe1 57. Qf4 Qd1+ 58. Qg4 Qd6
59. Rf2 Qc6 60. Qf3 Qc4 61. Qg4 Qd5 62. Qf3 Qe5 63. Qg4 Qa1 64. Qf3 Qe1 65. Rh2
Qe4 66. Qg4 Qc6 67. Qf4 Qc3 68. Qg4 Qe3 69. Qc4 Ng3+ 70. Kh4 Ne4 0-1

[Event "Lichtenberger Sommer 2016"]
[Site "?"]
[Date "2016.08.18"]
[Round "6.2"]
[White "Von Herman, Ulf"]
[Black "Rudakov, Aleksandr"]
[Result "1/2-1/2"]
[WhiteElo "2340"]
[BlackElo "2242"]
[PlyCount "87"]
[EventDate "2016.??.??"]
[WhiteTeam "SK König Tegel"]
[BlackTeam "Perovo Moscow"]

1. Nf3 Nf6 2. c4 c5 3. Nc3 Nc6 4. d4 cxd4 5. Nxd4 g6 6. g3 Bg7 7. Bg2 O-O 8.
O-O Nxd4 9. Qxd4 d6 10. Qd3 Be6 11. Bxb7 Rb8 12. Bg2 Qc8 13. b3 d5 14. cxd5 Bf5
15. Qf3 Ne4 16. Nxe4 Bxa1 17. Bf4 Rb4 18. Rxa1 Bxe4 19. Qe3 Bxg2 20. Kxg2 Qd7
21. Rd1 Rc8 22. d6 exd6 23. Rxd6 Qb7+ 24. f3 Rb6 25. Rd4 Re6 26. Qd2 Qc6 27.
Bh6 Ree8 28. Rc4 Qf6 29. Rf4 Qa6 30. e3 Qb5 31. a4 Qe5 32. Rh4 Qf5 33. Rc4 Rcd8
34. Qc3 Qe5 35. Qxe5 Rxe5 36. e4 Ree8 37. Rc7 Rb8 38. Rxa7 Rxb3 39. g4 Rbb8 40.
Rd7 Red8 41. Rc7 Ra8 42. Bg5 Rdb8 43. Bf6 Ra5 44. g5 1/2-1/2

[Event "Lichtenberger Sommer 2016"]
[Site "?"]
[Date "2016.08.18"]
[Round "6.3"]
[White "Frohberg, Marco"]
[Black "Melamed, Tatjana"]
[Result "0-1"]
[WhiteElo "2197"]
[BlackElo "2318"]
[PlyCount "94"]
[EventDate "2016.??.??"]
[WhiteTeam "Lübecker SV"]
[BlackTeam "AE Magdeburg"]

1. e4 c5 2. Nf3 e6 3. d4 cxd4 4. Nxd4 Nc6 5. Nc3 Qc7 6. Be3 a6 7. a3 Nf6 8. Be2
Be7 9. O-O O-O 10. f4 d6 11. Kh1 Re8 12. Qe1 Nxd4 13. Bxd4 e5 14. fxe5 dxe5 15.
Qg3 Bd8 16. Be3 Be6 17. Bh6 g6 18. Rad1 Be7 19. Bg5 Kg7 20. Bxf6+ Bxf6 21. Bg4
Rad8 22. Qf2 Qe7 23. Bxe6 fxe6 24. Na4 Rxd1 25. Rxd1 Rd8 26. Rxd8 Qxd8 27. Qe2
Qd4 28. Nc3 Bg5 29. Qd3 Bc1 30. Qxd4 exd4 31. Na4 Kf6 32. Nc5 Bxb2 33. a4 Ba3
34. Nd3 Ke7 35. g4 Kd6 36. Kg2 Kc6 37. Kf3 b5 38. axb5+ Kxb5 39. Ke2 Bd6 40. e5
Bc7 41. Kf3 Kc4 42. Ke4 a5 43. Nf4 a4 44. Nxe6 Bb6 45. Ng5 a3 46. Nf3 a2 47.
Nd2+ Kc3 0-1

[Event "Lichtenberger Sommer 2016"]
[Site "?"]
[Date "2016.08.18"]
[Round "6.4"]
[White "Ahmadinia, Ebrahim"]
[Black "Amelang, Thomas"]
[Result "1-0"]
[WhiteElo "2357"]
[BlackElo "2169"]
[PlyCount "49"]
[EventDate "2016.??.??"]
[WhiteTeam "SF 1903 Berlin"]
[BlackTeam "SK Siemens München"]

1. e4 d6 2. d4 Nf6 3. Nc3 g6 4. f4 c6 5. Nf3 Bg7 6. Bd3 a6 7. O-O b5 8. Qe1 d5
9. e5 Ng4 10. a4 b4 11. Ne2 a5 12. f5 e6 13. f6 Bh6 14. h3 Ne3 15. Kf2 Nxf1 16.
Bxh6 Kd7 17. Kxf1 Ba6 18. Qh4 Kc8 19. Bg7 Rg8 20. Qxh7 Qe8 21. Ng5 Ra7 22. Nf4
Bxd3+ 23. cxd3 Rc7 24. Kg1 Kb7 25. Rf1 1-0

[Event "Lichtenberger Sommer 2016"]
[Site "?"]
[Date "2016.08.18"]
[Round "6.5"]
[White "Ross, Chris N"]
[Black "Stiemerling, Wilfried"]
[Result "1/2-1/2"]
[WhiteElo "2199"]
[BlackElo "2117"]
[PlyCount "167"]
[EventDate "2016.??.??"]
[WhiteTeam "Schachgemeinschaft Niederkasse"]
[BlackTeam "BSG Pneumant Fürstenwalde"]

1. d4 Nf6 2. Nf3 e6 3. g3 d5 4. Bg2 Be7 5. O-O O-O 6. c4 Ne4 7. Qc2 f5 8. b3
Nc6 9. Bb2 Bd7 10. Nbd2 Be8 11. Ne5 Nxe5 12. dxe5 Nxd2 13. Qxd2 dxc4 14. Qe3 c6
15. bxc4 Qa5 16. Qb3 Rb8 17. Rfd1 Bc5 18. e3 Bh5 19. Rd7 Qb6 20. Bd4 Rfd8 21.
Bxc5 Qxc5 22. Rxd8+ Rxd8 23. Qxb7 Qxc4 24. Qxc6 Qxc6 25. Bxc6 Kf8 26. Kg2 Rd1
27. Rxd1 Bxd1 28. Kf1 Ke7 29. Ke1 Bc2 30. Kd2 Bb1 31. a3 Kd8 32. Kc3 Kc7 33.
Bb5 Be4 34. Bc4 Kd7 35. Kd4 Bc6 36. Kc5 Bb7 37. Bb3 Bf3 38. Kb5 Be2+ 39. Kc5
Bf3 40. Bc2 Bc6 41. Bd3 Bf3 42. Kb5 Bb7 43. Bc4 Bc8 44. h4 g6 45. Be2 Bb7 46.
f4 h5 47. Bc4 Bc8 48. Kc5 Kc7 49. Bb5 Bd7 50. Bc4 Bc8 51. Bd3 Bd7 52. e4 Be8
53. exf5 gxf5 54. Be2 Bg6 55. Bc4 Bf7 56. Bb5 Bg6 57. Bc6 Bf7 58. Kb5 Bg6 59.
Bf3 Be8+ 60. Ka6 Kb8 61. Bd1 Ka8 62. Bb3 Bd7 63. Bc4 Kb8 64. Be2 Be8 65. Bf3
Bf7 66. Bc6 Bg6 67. a4 Kc7 68. Bb5 Kb8 69. a5 Bf7 70. Ba4 Ka8 71. Bb5 Bg6 72.
Bd7 Bf7 73. Bc8 Kb8 74. Bb7 Be8 75. Bf3 Bf7 76. Bc6 Kc7 77. Ba4 Kb8 78. Bd7 Ka8
79. Ba4 Kb8 80. Bc6 Kc7 81. Kb5 Kb8 82. Ka6 Kc7 83. Ba4 Kb8 84. Bc6 1/2-1/2

[Event "Lichtenberger Sommer 2016"]
[Site "?"]
[Date "2016.08.18"]
[Round "6.6"]
[White "Gaerths, Ronny"]
[Black "Figura, Atila Gajo"]
[Result "1/2-1/2"]
[WhiteElo "2169"]
[BlackElo "2374"]
[PlyCount "87"]
[EventDate "2016.??.??"]
[WhiteTeam "SG TT/Wiheil (FV Schach)"]
[BlackTeam "SC Kreuzberg"]

1. Nf3 d5 2. c4 d4 3. g3 Nc6 4. Bg2 e5 5. d3 Bb4+ 6. Bd2 a5 7. O-O Nf6 8. Na3
h6 9. e3 dxe3 10. Bxe3 Bg4 11. h3 Bh5 12. g4 Bg6 13. d4 e4 14. Ne5 Nxe5 15.
dxe5 Nd7 16. e6 fxe6 17. Qc2 Nf6 18. Rad1 Qe7 19. Nb5 c6 20. Nc3 Bxc3 21. Qxc3
e5 22. a3 O-O 23. Bb6 a4 24. Qe3 Qe6 25. Qc3 Rf7 26. Rd2 Rd7 27. Rxd7 Nxd7 28.
Be3 h5 29. g5 Bf5 30. Kh2 Nf8 31. Qb4 Ng6 32. Rd1 Nf4 33. Qxb7 Re8 34. Qc7 Bxh3
35. Bxf4 Bxg2 36. Kxg2 Qg4+ 37. Bg3 Qxd1 38. Qxc6 Qf3+ 39. Kh2 Rf8 40. Qe6+ Kh8
41. Qxe5 Qf5 42. Qe7 Rc8 43. c5 Rxc5 44. Qe8+ 1/2-1/2

[Event "Lichtenberger Sommer 2016"]
[Site "?"]
[Date "2016.08.18"]
[Round "6.7"]
[White "Förster, Jonas"]
[Black "Roth, Josef"]
[Result "1-0"]
[WhiteElo "2289"]
[BlackElo "2091"]
[PlyCount "71"]
[EventDate "2016.??.??"]
[WhiteTeam "SV Empor Berlin"]
[BlackTeam "SK König Tegel"]

1. d4 Nf6 2. Nf3 g6 3. c4 Bg7 4. Nc3 d5 5. cxd5 Nxd5 6. e4 Nxc3 7. bxc3 c5 8.
Bb5+ Nc6 9. O-O O-O 10. d5 Na5 11. Be3 b6 12. Qd2 Bg4 13. Rfe1 Bxf3 14. gxf3 f5
15. Bg5 fxe4 16. fxe4 Rf3 17. Re3 Rxe3 18. Qxe3 Qd6 19. Qh3 Bf6 20. Bxf6 Qxf6
21. Qg3 Rd8 22. e5 Qf7 23. c4 Qf5 24. Re1 Qc2 25. d6 Qd2 26. Re3 exd6 27. e6
Nxc4 28. Re4 Qd1+ 29. Kg2 Qd5 30. f3 Qd2+ 31. Kh3 d5 32. e7 Re8 33. Bxe8 dxe4
34. Bxg6 Nd6 35. Qxd6 Qh6+ 36. Kg4 1-0

[Event "Lichtenberger Sommer 2016"]
[Site "?"]
[Date "2016.08.18"]
[Round "6.8"]
[White "Rosmann, Ilja"]
[Black "Jahn, Thomas"]
[Result "1-0"]
[WhiteElo "2289"]
[BlackElo "2195"]
[PlyCount "105"]
[EventDate "2016.??.??"]
[WhiteTeam "Königsspr. SC"]
[BlackTeam "SV Empor Berlin"]

1. e4 e5 2. Nf3 Nc6 3. d4 exd4 4. Nxd4 Nf6 5. Nxc6 bxc6 6. Bd3 d5 7. Nd2 Bg4 8.
Be2 Be6 9. e5 Nd7 10. O-O Be7 11. f4 f5 12. exf6 Nxf6 13. Nf3 O-O 14. Bd3 Bc5+
15. Kh1 Bg4 16. Qe1 Bxf3 17. Rxf3 Qe8 18. Be3 Qe7 19. Bxc5 Qxc5 20. Qe6+ Kh8
21. Rh3 h6 22. Rf1 Rae8 23. Qf5 Ne4 24. Qg6 Re7 25. Bxe4 dxe4 26. f5 Qd6 27. f6
Rxf6 28. Rxh6+ gxh6 29. Qxf6+ Qxf6 30. Rxf6 Rd7 31. Kg1 Rd1+ 32. Kf2 Rd2+ 33.
Kf1 Rxc2 34. Rf2 Rc5 35. Ke2 Kg7 36. Ke3 Kg6 37. Kxe4 a5 38. Kd3 h5 39. Rc2
Rd5+ 40. Ke4 Kg5 41. Ke3 Re5+ 42. Kf3 Rf5+ 43. Kg3 c5 44. h4+ Kg6 45. b3 Kf6
46. Rf2 Rxf2 47. Kxf2 Ke5 48. Ke3 Kf5 49. Kf3 c6 50. g3 c4 51. bxc4 a4 52. c5
a3 53. g4+ 1-0

[Event "Lichtenberger Sommer 2016"]
[Site "?"]
[Date "2016.08.18"]
[Round "6.9"]
[White "Schneider, Christian"]
[Black "Kornrumpf, Joachim"]
[Result "1-0"]
[WhiteElo "2220"]
[BlackElo "2076"]
[PlyCount "55"]
[EventDate "2016.??.??"]
[WhiteTeam "SG Stadtilm"]
[BlackTeam "Preetzer TSV"]

1. e4 c5 2. Nf3 e6 3. d4 cxd4 4. Nxd4 a6 5. Bd3 Nf6 6. O-O Qc7 7. Qe2 d6 8. c4
Be7 9. Nc3 O-O 10. Be3 Nbd7 11. f4 b6 12. g4 g6 13. g5 Nh5 14. Rf3 Bb7 15. Rh3
e5 16. Nf5 Rfe8 17. Nh6+ Kg7 18. Rxh5 gxh5 19. Qxh5 Nc5 20. Qxf7+ Kh8 21. g6
hxg6 22. Qxg6 Rf8 23. Bxc5 Qxc5+ 24. Kh1 Bf6 25. Qh5 Bg7 26. Rg1 Qxg1+ 27. Kxg1
exf4 28. Nf5+ 1-0

[Event "Lichtenberger Sommer 2016"]
[Site "?"]
[Date "2016.08.18"]
[Round "6.10"]
[White "Giemsa, Stephan"]
[Black "Goldenstein, Arnd"]
[Result "1-0"]
[WhiteElo "2261"]
[BlackElo "2016"]
[PlyCount "99"]
[EventDate "2016.??.??"]
[WhiteTeam "SK König Tegel"]
[BlackTeam "Klub Kölner SF"]

1. d4 Nf6 2. c4 e6 3. g3 d5 4. Nf3 c5 5. Bg2 Nc6 6. O-O Be7 7. cxd5 exd5 8.
dxc5 Bxc5 9. Qc2 Bb6 10. Nc3 O-O 11. Bg5 Be6 12. Na4 Ba5 13. Nc5 Rb8 14. Rad1
Qe7 15. Nxe6 Qxe6 16. Nd4 Nxd4 17. Rxd4 Ne4 18. Bxe4 dxe4 19. Qxe4 Rfe8 20.
Qxe6 Rxe6 21. e3 Rc8 22. Rfd1 h6 23. Bd8 Bb6 24. Bxb6 Rxb6 25. Rd8+ Rxd8 26.
Rxd8+ Kh7 27. b3 Kg6 28. Rd7 h5 29. h4 Kf6 30. Kg2 g6 31. Kf3 Ke6 32. Rc7 Kf6
33. Ke4 Ra6 34. Rc2 Rd6 35. f3 Ke6 36. Kf4 Rd5 37. e4 Rb5 38. Ke3 f5 39. Kf4
fxe4 40. fxe4 Rb6 41. Rc5 Kf6 42. Rd5 Ke6 43. Ra5 a6 44. Kg5 Ke7 45. Rc5 Kd7
46. e5 Kd8 47. Rd5+ Ke7 48. Rd6 Rb5 49. Rxg6 Rxe5+ 50. Kh6 1-0

[Event "Lichtenberger Sommer 2016"]
[Site "?"]
[Date "2016.08.18"]
[Round "6.11"]
[White "Schliebener, Stephan"]
[Black "George, Tom"]
[Result "0-1"]
[WhiteElo "2207"]
[BlackElo "2044"]
[PlyCount "78"]
[EventDate "2016.??.??"]
[WhiteTeam "BSV 63 Chemie Weißensee"]
[BlackTeam "SG Stadtilm"]

1. c4 e5 2. g3 Nf6 3. Bg2 c6 4. d4 e4 5. Nc3 d5 6. Bg5 Bb4 7. Qb3 Bxc3+ 8. bxc3
Nbd7 9. h4 h6 10. Bxf6 Nxf6 11. cxd5 cxd5 12. Nh3 O-O 13. O-O Qd6 14. Qb4 Qc6
15. a4 Bf5 16. Rfc1 Qd7 17. Kh2 Rac8 18. c4 dxc4 19. Rxc4 Rxc4 20. Qxc4 Rc8 21.
Qb5 Qxd4 22. Rf1 Qd7 23. f3 Bxh3 24. Bxh3 Qxb5 25. axb5 Rc2 26. fxe4 Rxe2+ 27.
Kg1 Nxe4 28. Ra1 Rb2 29. Bf1 Nxg3 30. Bd3 Rb3 31. Bc4 Rb4 32. Bd3 Rd4 33. Bc2
Rd2 34. Bb3 Rd3 35. Bc2 Rd2 36. Bb3 Ne2+ 37. Kf1 Nd4 38. Bc4 Nc2 39. b6 Nxa1
0-1

[Event "Lichtenberger Sommer 2016"]
[Site "?"]
[Date "2016.08.18"]
[Round "6.12"]
[White "Federau, Jürgen"]
[Black "Böhm, Jürgen"]
[Result "1/2-1/2"]
[WhiteElo "2094"]
[BlackElo "2168"]
[PlyCount "43"]
[EventDate "2016.??.??"]
[WhiteTeam "SC Kreuzberg"]
[BlackTeam "SF Brackel"]

1. d4 d5 2. Nf3 Nf6 3. e3 Bf5 4. c4 c6 5. Nc3 e6 6. Bd3 Bxd3 7. Qxd3 Nbd7 8.
O-O Be7 9. e4 dxe4 10. Nxe4 Nxe4 11. Qxe4 O-O 12. Bf4 Qa5 13. a3 Qh5 14. Rad1
Qg6 15. Qe2 Rfe8 16. Ne5 Nxe5 17. Bxe5 Rad8 18. Rd3 Bf8 19. Rfd1 Rd7 20. h3 f6
21. Bg3 Bd6 22. Bxd6 1/2-1/2

[Event "Lichtenberger Sommer 2016"]
[Site "?"]
[Date "2016.08.18"]
[Round "6.13"]
[White "Poetsch, Hagen"]
[Black "Nötzel, Felix"]
[Result "1-0"]
[WhiteElo "2501"]
[BlackElo "2212"]
[PlyCount "35"]
[EventDate "2016.??.??"]
[WhiteTeam "SF Schöneck"]
[BlackTeam "SF 1903 Berlin"]

1. e4 d5 2. exd5 Qxd5 3. Nc3 Qa5 4. d4 c6 5. Bd2 Bf5 6. g4 Bg6 7. f4 e6 8. d5
cxd5 9. f5 exf5 10. Qe2+ Be7 11. Bg2 Kf8 12. Nxd5 Bh4+ 13. Kf1 Qd8 14. Bb4+ Ne7
15. Rd1 Nd7 16. Nf3 a5 17. Ba3 Bf6 18. g5 1-0

[Event "Lichtenberger Sommer 2016"]
[Site "?"]
[Date "2016.08.18"]
[Round "6.16"]
[White "Hansch, Karsten"]
[Black "Heuser, Philip"]
[Result "1/2-1/2"]
[WhiteElo "2265"]
[BlackElo "2086"]
[PlyCount "32"]
[EventDate "2016.??.??"]
[WhiteTeam "SC Empor Potsdam"]
[BlackTeam "Münchener SC"]

1. c4 Nf6 2. g3 g6 3. Bg2 Bg7 4. Nc3 O-O 5. Nf3 c6 6. O-O d5 7. d3 dxc4 8. dxc4
Qxd1 9. Nxd1 Bg4 10. Ne3 Bxf3 11. Bxf3 Nbd7 12. Bd2 a5 13. Bc3 Rfe8 14. Rad1
Nc5 15. Bd4 Nfe4 16. Bxg7 Kxg7 1/2-1/2

[Event "Lichtenberger Sommer 2016"]
[Site "?"]
[Date "2016.08.18"]
[Round "6.17"]
[White "Zschäbitz, Klaus"]
[Black "Dimitrijeski, Kristian"]
[Result "0-1"]
[WhiteElo "2077"]
[BlackElo "2212"]
[PlyCount "120"]
[EventDate "2016.??.??"]
[WhiteTeam "Berliner SchGes Eckbauer"]
[BlackTeam "SK König Tegel"]

1. c4 c6 2. g3 d5 3. Nf3 Nf6 4. Bg2 dxc4 5. O-O Nbd7 6. a4 e5 7. Na3 e4 8. Ng5
Nc5 9. Nxc4 h6 10. Nh3 Qd4 11. d3 exd3 12. exd3 Qxd3 13. Qe1+ Be6 14. Ne5 Qd8
15. Nf4 Bd6 16. b4 Bxe5 17. Qxe5 Nd3 18. Nxd3 Qxd3 19. b5 O-O 20. Bxh6 Bd5 21.
Be3 Bxg2 22. Kxg2 cxb5 23. axb5 Rfe8 24. Qb2 Qe4+ 25. Kg1 Ng4 26. Bd4 Ne5 27.
Bxe5 Qxe5 28. Qb1 a5 29. bxa6 bxa6 30. Ra4 a5 31. Qa2 Reb8 32. Rd1 Rd8 33.
Rxd8+ Rxd8 34. Kg2 Qd5+ 35. Qxd5 Rxd5 36. Rc4 Kf8 37. Rc7 a4 38. Ra7 Rd4 39.
Kf3 Rb4 40. h4 g6 41. Kg2 Kg7 42. Ra6 Rc4 43. Kf1 Rc1+ 44. Ke2 Ra1 45. Kd3 a3
46. Kc3 Ra2 47. Kb4 Rb2+ 48. Kxa3 Rxf2 49. Rb6 Rf3+ 50. Rb3 Rxb3+ 51. Kxb3 Kf6
52. g4 Ke5 53. Kc4 Kf4 54. h5 gxh5 55. gxh5 Kg5 56. Kd5 Kxh5 57. Ke4 Kg4 58.
Ke3 f5 59. Ke2 Kg3 60. Kf1 Kf3 0-1

[Event "Lichtenberger Sommer 2016"]
[Site "?"]
[Date "2016.08.18"]
[Round "6.18"]
[White "Hahlbohm, Matthias"]
[Black "Simon, Ralf-Axel"]
[Result "0-1"]
[WhiteElo "2101"]
[BlackElo "2162"]
[PlyCount "72"]
[EventDate "2016.??.??"]
[WhiteTeam "TSG Oberschöneweide"]
[BlackTeam "TSG Neuruppin"]

1. e4 c5 2. f4 d5 3. e5 Nc6 4. c3 Bf5 5. Nf3 e6 6. d4 Qb6 7. a3 Bg4 8. dxc5
Bxc5 9. Bd3 Be3 10. Rf1 Nge7 11. h3 Bf5 12. Ke2 Bxc1 13. Qxc1 Na5 14. Nd4 Bxd3+
15. Kxd3 Nec6 16. Nd2 O-O 17. Rb1 Rac8 18. Qd1 Nc4 19. Nxc4 dxc4+ 20. Ke3 Rfd8
21. Qd2 Nxd4 22. cxd4 Rd5 23. Qc3 Rb5 24. b4 Qc6 25. Rf2 Rd5 26. Rd2 b5 27. Kf2
Rcd8 28. Rbd1 Qb6 29. Ke3 Ra8 30. Ra1 a5 31. Rb2 a4 32. Rd2 Qd8 33. Rf1 Ra7 34.
Rfd1 Qh4 35. Rf1 Qg3+ 36. Rf3 Qe1+ 0-1

[Event "Lichtenberger Sommer 2016"]
[Site "?"]
[Date "2016.08.18"]
[Round "6.19"]
[White "Hermannsdörfer, Frank"]
[Black "Wierzbicki, Jirawat"]
[Result "1/2-1/2"]
[WhiteElo "2188"]
[BlackElo "2051"]
[PlyCount "85"]
[EventDate "2016.??.??"]
[WhiteTeam "SV Liebschwitz"]
[BlackTeam "SK König Tegel"]

1. b3 d5 2. Bb2 c6 3. e3 Bf5 4. Nf3 e6 5. c4 h6 6. Be2 Nf6 7. O-O Be7 8. d3
Nbd7 9. Nbd2 Bh7 10. Qc2 O-O 11. Rfd1 Qb6 12. Rac1 a5 13. a3 Rfd8 14. Qb1 dxc4
15. Nxc4 Qa7 16. Qa2 Rac8 17. Nce5 Nd5 18. Nxd7 Rxd7 19. Qa1 Bf6 20. Bxf6 Nxf6
21. Ne5 Rdd8 22. Qb2 Nd7 23. Nxd7 Rxd7 24. d4 Rcd8 25. b4 axb4 26. axb4 Qb6 27.
Bf3 Ra8 28. Ra1 Rdd8 29. Ra3 Bg6 30. Rda1 Rxa3 31. Rxa3 Rc8 32. Qd2 Qd8 33. Qa2
Qb6 34. Qc4 Qd8 35. h3 Ra8 36. Rxa8 Qxa8 37. b5 Qa1+ 38. Kh2 Qb2 39. bxc6 bxc6
40. Be2 Qb8+ 41. Kg1 Qb1+ 42. Bf1 Qe1 43. Qe2 1/2-1/2

[Event "Lichtenberger Sommer 2016"]
[Site "?"]
[Date "2016.08.18"]
[Round "6.20"]
[White "Sabrowski, Uwe"]
[Black "Krefenstein, Sergej"]
[Result "1-0"]
[WhiteElo "2104"]
[BlackElo "2187"]
[PlyCount "97"]
[EventDate "2016.??.??"]
[WhiteTeam "SC Friesen Lichtenberg"]
[BlackTeam "TuS Makkabi Berlin"]

1. d4 Nf6 2. c4 g6 3. Nc3 Bg7 4. e4 d6 5. Be2 O-O 6. Bg5 Na6 7. f4 c5 8. d5 Nc7
9. Nf3 a6 10. a4 Ng4 11. Qd2 f6 12. Bh4 Bh6 13. O-O Bd7 14. Ne1 b5 15. axb5
axb5 16. Rxa8 Qxa8 17. Nxb5 Nxb5 18. cxb5 Qa4 19. Qd3 Rb8 20. Qg3 Qd4+ 21. Kh1
Ne3 22. Rf3 Nc4 23. b3 Na3 24. e5 Bf5 25. exf6 exf6 26. Rf1 Kf7 27. h3 Nxb5 28.
Nf3 Qe4 29. Bc4 Bxf4 30. Qf2 Be3 31. Qb2 Nd4 32. Bg3 Rb6 33. Qa1 Qe7 34. Qa8
Nxf3 35. Rxf3 Bd4 36. Qh8 h5 37. Qh7+ Ke8 38. Qg8+ Qf8 39. Qh7 Qe7 40. Qg8+ Qf8
41. Qh7 Qe7 42. Qg8+ Kd7 43. Qa8 Kc7 44. Ba6 Rb4 45. Qc6+ Kd8 46. Rxf5 Qe3 47.
Qc8+ Ke7 48. Bxd6+ Kxd6 49. Qd8# 1-0

[Event "Lichtenberger Sommer 2016"]
[Site "?"]
[Date "2016.08.18"]
[Round "6.21"]
[White "Barath M"]
[Black "Oginski, Ulrich"]
[Result "1/2-1/2"]
[WhiteElo "2107"]
[BlackElo "1769"]
[PlyCount "135"]
[EventDate "2016.??.??"]
[WhiteTeam "SC Zugzwang 95 (Berlin)"]
[BlackTeam "SC Weisse Dame (Berlin)"]

1. d4 Nf6 2. c4 e6 3. Nc3 Bb4 4. a3 Bxc3+ 5. bxc3 c5 6. f3 d5 7. e3 O-O 8. cxd5
Nxd5 9. Bd2 f5 10. Bd3 b6 11. Qe2 Bb7 12. Nh3 cxd4 13. exd4 Re8 14. O-O Nc6 15.
f4 Rc8 16. Ng5 Qd7 17. Nf3 Nf6 18. Rfe1 Na5 19. Ne5 Qd6 20. Qd1 Qd5 21. Qe2 Ne4
22. Bxe4 Qxe4 23. Qf2 Qd5 24. Re3 Nc4 25. Rh3 Rf8 26. Nf3 Rf6 27. Re1 Rg6 28.
Rg3 Rxg3 29. hxg3 Qd7 30. Ne5 Nxe5 31. Rxe5 Bd5 32. Qe2 g6 33. g4 Rc7 34. Re3
fxg4 35. Qxg4 Qf7 36. Qg5 Rd7 37. g4 Kg7 38. Rh3 Kf8 39. Qe5 Kg8 40. Bc1 Qg7
41. Qe1 Qe7 42. f5 exf5 43. Re3 Qf6 44. Re8+ Kf7 45. Bh6 Rd8 46. Re5 Be4 47.
Bf4 Rd5 48. g5 Qd8 49. Qh4 h5 50. Qg3 Rxe5 51. Bxe5 Qc8 52. Bf6 f4 53. Qxf4
Qg4+ 54. Qxg4 hxg4 55. Kf2 b5 56. Ke3 g3 57. Be5 g2 58. Bh2 Bc6 59. Kf2 Ke6 60.
Bc7 Be4 61. Bb8 a6 62. Bc7 Kd5 63. Ba5 Kc4 64. Bb4 Kb3 65. Kg1 Ka4 66. Bc5 a5
67. Bb6 Bd5 68. Bc7 1/2-1/2

[Event "Lichtenberger Sommer 2016"]
[Site "?"]
[Date "2016.08.18"]
[Round "6.22"]
[White "Moser, Axel"]
[Black "Voigt, Ingo"]
[Result "1-0"]
[WhiteElo "2137"]
[BlackElo "1967"]
[PlyCount "91"]
[EventDate "2016.??.??"]
[WhiteTeam "SK Handschuhsheim"]
[BlackTeam "BSV 63 Chemie Weißensee"]

1. d4 Nf6 2. c4 e6 3. Nf3 b6 4. g3 Ba6 5. Qc2 Bb4+ 6. Bd2 Be7 7. e4 Bb7 8. Nc3
d5 9. cxd5 exd5 10. e5 Ne4 11. Bd3 f5 12. exf6 Nxf6 13. Ng5 Bc8 14. Bxh7 Nxh7
15. Qg6+ Kd7 16. Nxh7 Qg8 17. Ng5 Nc6 18. Nf7 Nxd4 19. O-O-O Bf6 20. Nxh8 Kc6
21. Be3 Bf5 22. Qf7 Qxf7 23. Nxf7 Nc2 24. Nxd5 Nxe3 25. Nxe3 Be6 26. Nd8+ Rxd8
27. Rxd8 Bxd8 28. Kc2 Bf6 29. h4 a5 30. b3 Kb5 31. a3 a4 32. bxa4+ Kxa4 33. g4
Kxa3 34. g5 Bb2 35. h5 b5 36. h6 gxh6 37. Rxh6 Bb3+ 38. Kd3 c5 39. Ra6+ Ba4 40.
Nc4+ Kb3 41. Nxb2 Kxb2 42. Rxa4 bxa4 43. g6 a3 44. g7 a2 45. g8=Q a1=Q 46. Qg7+
1-0

[Event "Lichtenberger Sommer 2016"]
[Site "?"]
[Date "2016.08.18"]
[Round "6.23"]
[White "Teichert, Felix"]
[Black "Hansch, Stephan"]
[Result "1-0"]
[WhiteElo "1774"]
[BlackElo "2126"]
[PlyCount "53"]
[EventDate "2016.??.??"]
[WhiteTeam "Leegebrucher SF"]
[BlackTeam "SC Empor Potsdam"]

1. e4 c5 2. Nf3 d6 3. d4 cxd4 4. Nxd4 Nf6 5. f3 e5 6. Nb3 d5 7. Bg5 d4 8. c3
Nc6 9. Bb5 h6 10. Bh4 Qb6 11. Qd3 Be6 12. cxd4 Bxb3 13. Qxb3 Bb4+ 14. Qxb4
O-O-O 15. Qc5 Qa5+ 16. b4 Qxb4+ 17. Qxb4 Nxb4 18. Na3 Rxd4 19. Ke2 Nxe4 20.
Rac1+ Kb8 21. Rc4 Rxc4 22. Bxc4 Nc3+ 23. Kd2 Na4 24. Bxf7 g5 25. Bg3 Rd8+ 26.
Kc1 Ka8 27. Bb3 1-0

[Event "Lichtenberger Sommer 2016"]
[Site "?"]
[Date "2016.08.18"]
[Round "6.24"]
[White "Kutschke, Jens"]
[Black "Kapp, Martin"]
[Result "0-1"]
[WhiteElo "2002"]
[BlackElo "2305"]
[PlyCount "77"]
[EventDate "2016.??.??"]
[WhiteTeam "SF 1903 Berlin"]
[BlackTeam "ESV Lok Raw Cottbus"]

1. e4 e6 2. d4 d5 3. e5 c5 4. c3 Qb6 5. Nf3 Bd7 6. Bd3 Bb5 7. O-O Bxd3 8. Qxd3
Qa6 9. Qxa6 Nxa6 10. a3 c4 11. Nbd2 O-O-O 12. b3 cxb3 13. Nxb3 Rd7 14. Bd2 Ne7
15. Rfc1 Nc6 16. a4 Be7 17. Ne1 Kb8 18. Nd3 Rc8 19. c4 Nxd4 20. Nxd4 dxc4 21.
Be3 cxd3 22. Nb5 Rxc1+ 23. Rxc1 Bc5 24. Bxc5 Nxc5 25. Nd6 f6 26. f4 fxe5 27.
fxe5 d2 28. Rd1 Nb3 29. Kf2 Rc7 30. Ne4 h6 31. Ke2 Rc1 32. g4 Kc7 33. Nd6 Kc6
34. Ne8 g6 35. Nf6 Kc5 36. h4 Kd4 37. h5 gxh5 38. gxh5 Kc3 39. Ng4 0-1

[Event "Lichtenberger Sommer 2016"]
[Site "?"]
[Date "2016.08.18"]
[Round "6.25"]
[White "Schiffer, Stefan"]
[Black "Silz, Elisa"]
[Result "1/2-1/2"]
[WhiteElo "2237"]
[BlackElo "1973"]
[PlyCount "37"]
[EventDate "2016.??.??"]
[WhiteTeam "Brühler SK"]
[BlackTeam "SV Empor Berlin"]

1. e4 c5 2. Nf3 d6 3. Bb5+ Bd7 4. Bxd7+ Qxd7 5. O-O Nf6 6. Qe2 Nc6 7. Rd1 g6 8.
c3 Bg7 9. d4 cxd4 10. cxd4 O-O 11. Nc3 d5 12. e5 Ne8 13. Be3 f6 14. exf6 Nxf6
15. Ne5 Qe8 16. Bg5 e6 17. Nb5 Ne4 18. Bh4 Nxd4 19. Nxd4 1/2-1/2

[Event "Lichtenberger Sommer 2016"]
[Site "?"]
[Date "2016.08.18"]
[Round "6.26"]
[White "Thesing, Ansgar"]
[Black "Rehberg, Raphael"]
[Result "0-1"]
[WhiteElo "1987"]
[BlackElo "2248"]
[PlyCount "56"]
[EventDate "2016.??.??"]
[WhiteTeam "SC Kreuzberg"]
[BlackTeam "SG Lok Brandenburg"]

1. e4 c5 2. Nc3 Nc6 3. g3 g6 4. Bg2 Bg7 5. d3 d6 6. Be3 e5 7. Qd2 Nge7 8. f4
Nd4 9. Nf3 f5 10. O-O O-O 11. Nh4 fxe4 12. Nxe4 Nd5 13. Ng5 Nxe3 14. Qxe3 Nxc2
15. Qe4 exf4 16. Qxg6 Bf5 17. Bd5+ Kh8 18. Nf7+ Rxf7 19. Qxf7 Bxd3 20. Rad1
Bxf1 21. Qh5 Bd4+ 22. Rxd4 Nxd4 23. Kxf1 fxg3 24. hxg3 Qf6+ 25. Kg2 Rf8 26.
Bxb7 Qf1+ 27. Kh2 Qe2+ 28. Bg2 Qxh5 0-1

[Event "Lichtenberger Sommer 2016"]
[Site "?"]
[Date "2016.08.18"]
[Round "6.27"]
[White "Kuran, Wilfried"]
[Black "Schnabel, Ralf"]
[Result "0-1"]
[WhiteElo "1885"]
[BlackElo "2235"]
[PlyCount "84"]
[EventDate "2016.??.??"]
[WhiteTeam "Spielgemeinschaft Sauwald"]
[BlackTeam "ESV Nickelhütte Aue"]

1. e4 Nf6 2. e5 Nd5 3. d4 d6 4. c4 Nb6 5. exd6 cxd6 6. b3 g6 7. Nf3 Bg7 8. Bb2
Nc6 9. h3 O-O 10. Be2 Bf5 11. Na3 d5 12. c5 Nd7 13. Rc1 Bh6 14. Rc3 Nf6 15. g4
Be4 16. Nc2 Bf4 17. a3 Re8 18. b4 a6 19. Ne3 e5 20. Rb3 exd4 21. Bxd4 Nxd4 22.
Qxd4 Qe7 23. O-O Rad8 24. Ng2 Bb8 25. Re3 Qc7 26. Nge1 Re6 27. Bd1 h5 28. g5
Nh7 29. h4 Nf8 30. Kg2 Ree8 31. Rh1 Ne6 32. Qf6 Nf4+ 33. Kg1 d4 34. Rxe4 Rxe4
35. Bb3 Nd5 36. Bxd5 Rxd5 37. Qb6 Qxb6 38. cxb6 d3 39. Ng2 d2 40. Nxd2 Rxd2 41.
Ne3 Bf4 42. Rh3 Bxe3 0-1